000 00563nam a22001817a 4500
003 CEME
005 20210628202655.0
008 210122b xxu||||| |||| 00| 0 eng d
020 _a0-7506-6079-1
040 _cceme
082 _a621.366 ION
100 _aIon, John C
_961020
245 _aLaser processing of engineering materials principles procedure and industrial application
260 _aNEW YORK
_bELSEVIER
_c2005
300 _aXV,556 P
650 _aLASER - INDUSTRIAL APPLICATIONS.LASER PROCESSING OF ENGINEERING MATERIALS
_961021
942 _cBK
_2ddc
999 _c570594
_d570594